| 000 | 01076nam a22003135a 4500 | ||
|---|---|---|---|
| 008 | 150823s2002 xxua|||frb||| 001 0 eng d | ||
| 010 | _a 2004046227 | ||
| 020 | _a0321263189 | ||
| 020 | _a9780321263186 | ||
| 035 | _a(OCoLC)ocm56660434 | ||
| 040 |
_aEG-ScBuE _beng _cEG-ScBuE |
||
| 082 | 0 | 4 |
_a006.3 _bLUG _222 |
| 100 | 1 |
_aLuger, George F. _937099 |
|
| 245 | 1 | 0 |
_aArtificial intelligence : _bstructures and strategies for complex problem solving / _cGeorge F. Luger. |
| 250 | _a5th ed. | ||
| 260 |
_aHarlow ; _bPearson Education , _c2005. |
||
| 300 |
_axxiii, 903 p. : _bill. ; _c24 cm. |
||
| 500 | _aIncludes Index. | ||
| 504 | _aBibliography : p. 855-881. | ||
| 590 | _ayassmeen ashraf | ||
| 650 | 0 |
_aArtificial intelligence. _2BUEsh |
|
| 650 | 0 |
_aKnowledge representation (Information theory) _2BUEsh |
|
| 650 | 0 |
_aProblem solving. _2BUEsh |
|
| 650 | 0 |
_aProlog (Computer program language) _2BUEsh _937101 |
|
| 650 | 0 |
_aLISP (Computer program language) _2BUEsh _937102 |
|
| 651 | _2BUEsh | ||
| 653 |
_bCOMSCI _cAugust2015 |
||
| 942 |
_cBB _k006.3 LUG _2ddc |
||
| 999 |
_c5837 _d391 |
||